Tilastot visalle Niger-visa

Klikkaa tästä pelataksesi tätä visaa!

Yleistilastot

  • Tätä visaa on pelattu 40 kertaa
  • Keskiarvotulos 12 / 16

Vastaustilastot

VihjeVastaus% Oikein
Merkittävä yllä olevan halki virtaava jokiNiger
100%
Väkirikkain naapurimaaNigeria
100%
Aavikko, joka peittää 80 % NigeristäSahara
100%
Virallinen kieliRanska
93%
Suurin naapurimaaAlgeria
93%
Valtio, jolla on samanlainen lippu kuin Nigerillä:
Intia
93%
Talouden sektori, johon 82 % nigeriläisistä osallistuuMaatalous
86%
Nigerissä on maailman korkein _____, mikä on johtanut erittäin nopeaan väestönkasvuunSyntyvyys
83%
PääkaupunkiNiamey
76%
Suuri järvi, jonka Niger jakaa kolmen muun valtion kanssaTšadjärvi
76%
Nigerin valuuttaCFA-{frangi}
69%
Käsite yllä olevan puolikuivalle vyöhykkeelle, johon suurin osa Nigerin eteläosista kuuluuSahel
59%
Alkuaine, joka kattaa 91 % Nigerin viennistäUraani
59%
Suurin etninen ryhmä (alkaa kirjaimella H)Hausa
55%
Valtakunta, joka hallitsi aluetta noin vuosina 1464–1591Songhai
45%
Kaupunki Nigerin keskiosissa, jonka keskusta on maailmanperintökohdeAgadez
41%

Tulosjakauma

Persentiili vastausten määrän mukaan

Jokaisen tuloksen saaneiden osuus

Tuloshistoriasi

Et ole pelannut tätä visaa